[Event "3rd open PLEVEN XXI"]
[Site "Pleven"]
[Date "2016.10.08"]
[Round "4.13"]
[White "Petkov, Martin"]
[Black "Samu, Sorin-Mihai"]
[Result "1-0"]
[WhiteElo "1781"]
[BlackElo "2066"]
[PlyCount "89"]
[EventDate "2016.10.07"]
[EventType "swiss"]
[EventRounds "7"]
[EventCountry "BUL"]

1. d4 c5 2. d5 Nf6 3. c4 g6 4. Nc3 Bg7 5. e4 d6 6. h3 O-O 7. Nf3 a6 8. a4 e6 9.
Bd3 exd5 10. cxd5 Re8 11. O-O Nbd7 12. Bf4 c4 13. Bc2 Nc5 14. Nd2 Nd3 15. Bxd3
cxd3 16. Be3 Bd7 17. Qb1 b5 18. axb5 axb5 19. Qxd3 b4 20. Rxa8 Qxa8 21. Ne2 Qa2
22. b3 Rc8 23. Nc4 Bb5 24. Rc1 Nxe4 25. Qxe4 Qxe2 26. Qe7 Bxc4 27. Rxc4 Rxc4
28. Qd8+ Bf8 29. bxc4 Qd1+ 30. Kh2 Qh5 31. Bf4 Kg7 32. Bxd6 Bxd6+ 33. Qxd6 b3
34. Qg3 Qd1 35. Qe5+ Kh6 36. d6 Qd2 37. Qe3+ Qxe3 38. fxe3 b2 39. d7 b1=Q 40.
d8=Q Qf5 41. Qd4 f6 42. Qf4+ Qxf4+ 43. exf4 Kg7 44. Kg3 Kf7 45. Kf3 1-0

[Event "3rd open PLEVEN XXI"]
[Site "Pleven"]
[Date "2016.10.08"]
[Round "4.17"]
[White "Radev, Rumen Ang."]
[Black "Paskalev, Vasil"]
[Result "1/2-1/2"]
[WhiteElo "1946"]
[BlackElo "1590"]
[PlyCount "76"]
[EventDate "2016.10.07"]
[EventType "swiss"]
[EventRounds "7"]
[EventCountry "BUL"]

1. Nf3 Nf6 2. d3 d5 3. Nbd2 c5 4. e4 e6 5. Be2 Nc6 6. O-O Be7 7. c3 O-O 8. Qc2
b5 9. e5 Nd7 10. d4 Rb8 11. Nb3 c4 12. Nbd2 f6 13. exf6 Bxf6 14. Rd1 e5 15.
dxe5 Ndxe5 16. Nxe5 Bxe5 17. Nf3 Bf6 18. Be3 Be6 19. Qd2 h6 20. Nd4 Nxd4 21.
Bxd4 Rf7 22. Bf3 Rd7 23. Qf4 Bxd4 24. Rxd4 Rb6 25. Rad1 Bf7 26. b3 cxb3 27.
axb3 Rc6 28. Qd2 Ra6 29. h3 Ra3 30. Qb2 Qa5 31. b4 Qa4 32. Qe2 Rxc3 33. Bxd5
Rxd5 34. Rxd5 Bxd5 35. Qe8+ Kh7 36. Rxd5 Qc2 37. Qe5 Qb1+ 38. Kh2 Rc4 1/2-1/2

[Event "3rd open PLEVEN XXI"]
[Site "Pleven"]
[Date "2016.10.09"]
[Round "5.7"]
[White "Tsekov, Svetozar"]
[Black "Naydenov, Nayden"]
[Result "1-0"]
[WhiteElo "2198"]
[BlackElo "1996"]
[PlyCount "77"]
[EventDate "2016.10.07"]
[EventType "swiss"]
[EventRounds "7"]
[EventCountry "BUL"]

1. d4 e6 2. g3 f5 3. Bg2 Nf6 4. Nf3 Be7 5. O-O O-O 6. c4 d6 7. b3 Qe8 8. Bb2 h6
9. Nc3 Nbd7 10. Qc2 Qh5 11. Rad1 Nh7 12. Bc1 Ndf6 13. c5 Ng5 14. Nxg5 hxg5 15.
Nb5 Bd7 16. Qd3 a6 17. Nxc7 Rac8 18. c6 Bxc6 19. Nxe6 Bb5 20. Qf3 Bxe2 21. Qxh5
Nxh5 22. Nxf8 Kxf8 23. Bxb7 Rc7 24. Bd5 Bxf1 25. Kxf1 Rc2 26. a4 Nf6 27. Bb7
Ng4 28. Bd2 Nxh2+ 29. Kg1 Ng4 30. Bxa6 Bf6 31. Bd3 Rb2 32. Bxf5 Nh6 33. Be6
Bxd4 34. Be3 Bxe3 35. fxe3 Ke7 36. Bd5 Ng4 37. Ra1 Kf6 38. a5 Ke5 39. a6 1-0

[Event "3rd open PLEVEN XXI"]
[Site "Pleven"]
[Date "2016.10.09"]
[Round "5.8"]
[White "Green, Moria"]
[Black "Mishev, Liubomir"]
[Result "0-1"]
[WhiteElo "1935"]
[BlackElo "2145"]
[PlyCount "74"]
[EventDate "2016.10.07"]
[EventType "swiss"]
[EventRounds "7"]
[EventCountry "BUL"]

1. d4 g6 2. c4 Bg7 3. Nc3 d6 4. e4 b6 5. Be3 Bb7 6. Qd2 Nd7 7. Bd3 a6 8. Nge2
c5 9. d5 Ne5 10. f4 Nxd3+ 11. Qxd3 Nf6 12. h3 Qc7 13. O-O O-O 14. Rab1 e6 15.
b4 Rab8 16. a4 exd5 17. cxd5 c4 18. Qc2 Rfe8 19. Bd4 Re7 20. Kh1 Rbe8 21. Bxf6
Bxf6 22. e5 Bg7 23. Ne4 Bxd5 24. Nxd6 Rd8 25. Nc3 Ba8 26. Rbd1 f6 27. exf6 Bxf6
28. Nce4 Bg7 29. Rfe1 Re6 30. b5 axb5 31. Nxb5 Rxd1 32. Nxc7 Rxe1+ 33. Kh2
R6xe4 34. Nxa8 Rxf4 35. Qd2 Be5 36. g3 Rff1 37. Nxb6 c3 0-1

[Event "3rd open PLEVEN XXI"]
[Site "Pleven"]
[Date "2016.10.09"]
[Round "5.12"]
[White "Marinov, Mariyan"]
[Black "Velev, Josif"]
[Result "1-0"]
[WhiteElo "1861"]
[BlackElo "2026"]
[PlyCount "55"]
[EventDate "2016.10.07"]
[EventType "swiss"]
[EventRounds "7"]
[EventCountry "BUL"]

1. e4 e5 2. Nf3 Nc6 3. Bc4 Bc5 4. Nc3 Nf6 5. d3 h6 6. Be3 Bxe3 7. fxe3 d6 8.
O-O Na5 9. Bb3 Nxb3 10. axb3 O-O 11. Qe1 c6 12. h3 Be6 13. Qf2 a6 14. Nh4 Kh7
15. Nf5 Ng8 16. Qg3 g6 17. Nh4 Nf6 18. Rf3 Nh5 19. Qf2 Qg5 20. Rf1 Ng7 21. Kh2
Rg8 22. g3 Raf8 23. Rg1 f5 24. Rg2 d5 25. Ne2 Rf7 26. g4 fxg4 27. Rxf7 Bxf7 28.
Qxf7 1-0

[Event "3rd open PLEVEN XXI"]
[Site "Pleven"]
[Date "2016.10.09"]
[Round "5.14"]
[White "Georgiev, Nikolay Zh."]
[Black "Radev, Rumen Ang."]
[Result "1-0"]
[WhiteElo "1574"]
[BlackElo "1946"]
[PlyCount "53"]
[EventDate "2016.10.07"]
[EventType "swiss"]
[EventRounds "7"]
[EventCountry "BUL"]

1. e4 d6 2. d4 Nf6 3. Nd2 e5 4. Ngf3 Nc6 5. Bb5 Bd7 6. d5 Nb8 7. Bxd7+ Nbxd7 8.
Qe2 Be7 9. c4 a5 10. b3 Nc5 11. O-O O-O 12. Ne1 Nfd7 13. Nd3 g6 14. Nb1 Bg5 15.
Nc3 Bxc1 16. Raxc1 Nxd3 17. Qxd3 Qh4 18. Qg3 Qe7 19. Rce1 Kh8 20. Qg4 Rg8 21.
Re3 h6 22. f4 exf4 23. Qxf4 Kg7 24. Rh3 Rh8 25. Rhf3 Ne5 26. Rg3 Raf8 27. Nb5
1-0

[Event "3rd open PLEVEN XXI"]
[Site "Pleven"]
[Date "2016.10.09"]
[Round "6.1"]
[White "Dereshki, Dario"]
[Black "Velickovski-Nejkovic, Maja"]
[Result "1-0"]
[WhiteElo "2126"]
[BlackElo "2106"]
[PlyCount "47"]
[EventDate "2016.10.07"]
[EventType "swiss"]
[EventRounds "7"]
[EventCountry "BUL"]

1. d4 Nf6 2. c4 e5 3. dxe5 Ng4 4. Nf3 Bc5 5. e3 Nc6 6. Nc3 O-O 7. Bd3 Re8 8.
O-O Ncxe5 9. Nxe5 Nxe5 10. Bc2 Qh4 11. Nd5 Bd6 12. f4 Ng4 13. h3 Nf6 14. c5
Bxc5 15. Nxc7 Rxe3 16. Bxe3 Bxe3+ 17. Kh1 Bxf4 18. Qd4 Nh5 19. Rxf4 Nxf4 20.
Nxa8 Qg3 21. Qe4 g6 22. Rf1 g5 23. Qxh7+ Kf8 24. Qh8+ 1-0

[Event "3rd open PLEVEN XXI"]
[Site "Pleven"]
[Date "2016.10.09"]
[Round "6.4"]
[White "Vassilev, Martin"]
[Black "Tsekov, Svetozar"]
[Result "0-1"]
[WhiteElo "2100"]
[BlackElo "2198"]
[PlyCount "100"]
[EventDate "2016.10.07"]
[EventType "swiss"]
[EventRounds "7"]
[EventCountry "BUL"]

1. e4 e5 2. Nf3 Nc6 3. Bb5 a6 4. Bxc6 dxc6 5. O-O f6 6. d4 exd4 7. Nxd4 c5 8.
Ne2 Qxd1 9. Rxd1 Bd7 10. Nbc3 Bd6 11. Bf4 Bxf4 12. Nxf4 O-O-O 13. f3 Ne7 14.
Rd2 Nc6 15. Ncd5 f5 16. exf5 Bxf5 17. c3 g5 18. Nh5 Rd6 19. Nb6+ Kb8 20. Rxd6
cxd6 21. Rd1 Rd8 22. Nd5 b5 23. Ng3 Bg6 24. Kf2 Ne5 25. Ne4 Bxe4 26. fxe4 c4
27. Ke3 Rf8 28. h3 Rf7 29. b3 Kb7 30. Rb1 h5 31. Rd1 h4 32. Rb1 g4 33. Nb4 gxh3
34. gxh3 Rg7 35. bxc4 Nxc4+ 36. Kf2 Rg3 37. Nd5 Nd2 38. Rb4 Rxh3 39. a4 Rh2+
40. Ke3 Nc4+ 41. Kf4 Kc6 42. axb5+ axb5 43. Ne7+ Kc5 44. Nd5 Ne5 45. Rb1 Rf2+
46. Ke3 Ng4+ 47. Kd3 h3 48. Rg1 h2 49. Rc1 Rg2 50. c4 h1=Q 0-1

[Event "3rd open PLEVEN XXI"]
[Site "Pleven"]
[Date "2016.10.09"]
[Round "6.5"]
[White "Arnaudov, Petar D."]
[Black "Mitrev, Emil"]
[Result "1-0"]
[WhiteElo "2027"]
[BlackElo "2129"]
[PlyCount "61"]
[EventDate "2016.10.07"]
[EventType "swiss"]
[EventRounds "7"]
[EventCountry "BUL"]

1. e4 g6 2. h4 h5 3. d4 d6 4. Nc3 Bg7 5. Be3 c6 6. Qd2 Nf6 7. f3 Nbd7 8. Nh3 b5
9. Nf2 Nb6 10. b3 a5 11. a4 bxa4 12. Nxa4 Nxa4 13. Rxa4 Bd7 14. Ra2 O-O 15. Be2
Qb6 16. O-O Ra7 17. Nd3 Rfa8 18. Rfa1 Nxe4 19. fxe4 Bxd4 20. Kf2 f5 21. Nb2
Bxe3+ 22. Qxe3 Qxe3+ 23. Kxe3 fxe4 24. Nc4 Bf5 25. Rxa5 Rxa5 26. Rxa5 Rd8 27.
c3 Kf7 28. Ra7 Ke6 29. b4 d5 30. Na5 Rc8 31. Ba6 1-0

[Event "3rd open PLEVEN XXI"]
[Site "Pleven"]
[Date "2016.10.09"]
[Round "6.11"]
[White "Paskalev, Vasil"]
[Black "Vasilev, Vergil"]
[Result "0-1"]
[WhiteElo "1590"]
[BlackElo "1956"]
[PlyCount "74"]
[EventDate "2016.10.07"]
[EventType "swiss"]
[EventRounds "7"]
[EventCountry "BUL"]

1. e4 d5 2. exd5 Nf6 3. Nc3 Nxd5 4. Bc4 c6 5. Nf3 Bf5 6. O-O e6 7. Re1 Be7 8.
d4 O-O 9. Ne2 Nd7 10. Ng3 Bg6 11. Bb3 b5 12. Qe2 Bf6 13. Ne5 Rc8 14. Nxg6 hxg6
15. c3 N7b6 16. Ne4 Be7 17. Bd2 a5 18. a3 a4 19. Ba2 Nf6 20. Rad1 Nbd5 21. Bc1
Qc7 22. Nxf6+ Bxf6 23. Qg4 e5 24. dxe5 Bxe5 25. Bxd5 cxd5 26. Rxd5 Rfe8 27.
Red1 Bxh2+ 28. Kh1 Be5 29. Rd7 Qc6 30. Be3 Rb8 31. Qh3 Qc4 32. g3 Rbc8 33. Bd4
Qe2 34. Bxe5 Rxe5 35. R7d2 Qf3+ 36. Kg1 Rce8 37. Rd8 Re1+ 0-1

[Event "3rd open PLEVEN XXI"]
[Site "Pleven"]
[Date "2016.10.09"]
[Round "6.12"]
[White "Todorov, Kaloyan"]
[Black "Georgiev, Nikolay Zh."]
[Result "1-0"]
[WhiteElo "1928"]
[BlackElo "1574"]
[PlyCount "71"]
[EventDate "2016.10.07"]
[EventType "swiss"]
[EventRounds "7"]
[EventCountry "BUL"]

1. e4 e5 2. Nf3 Nc6 3. Bc4 Bc5 4. O-O Qf6 5. d3 Nge7 6. Be3 d6 7. c3 Be6 8.
Nbd2 Bb6 9. Re1 O-O 10. Nf1 h6 11. h3 Ng6 12. Bb3 Nf4 13. Bxf4 Qxf4 14. Qd2 g5
15. Rad1 Rfe8 16. Qxf4 gxf4 17. N1d2 a6 18. Re2 Kh7 19. Kh2 Rg8 20. g3 fxg3+
21. fxg3 Rad8 22. Bc2 Ne7 23. Nc4 Ba7 24. Ne3 f6 25. b3 Kg7 26. d4 Kf7 27. Rf1
Ke8 28. d5 Bf7 29. Nh4 Bxe3 30. Rxe3 Ng6 31. Rxf6 Nxh4 32. gxh4 Rg6 33. Rf1 Ke7
34. Ref3 Be8 35. Bd1 Bd7 36. Rf7+ 1-0

[Event "3rd open PLEVEN XXI"]
[Site "Pleven"]
[Date "2016.10.09"]
[Round "6.21"]
[White "Lenkova, Lyubomira"]
[Black "Georgiev, Kristian"]
[Result "1/2-1/2"]
[WhiteElo "1196"]
[BlackElo "1530"]
[PlyCount "59"]
[EventDate "2016.10.07"]
[EventType "swiss"]
[EventRounds "7"]
[EventCountry "BUL"]

1. d4 c5 2. d5 Nf6 3. c4 e6 4. Nc3 exd5 5. cxd5 d6 6. Nf3 g6 7. Bf4 Bg7 8. e3
O-O 9. Bc4 a6 10. O-O b5 11. Bb3 Nh5 12. Bg5 Qc7 13. Re1 Bg4 14. h3 Bxf3 15.
Qxf3 Nd7 16. Rab1 Ne5 17. Qe2 h6 18. Bf4 Rfe8 19. Qd2 Nxf4 20. exf4 Nd7 21. Re2
c4 22. Bc2 Nc5 23. Rbe1 Qd7 24. b4 cxb3 25. axb3 b4 26. Ne4 Nxe4 27. Rxe4 Rxe4
28. Rxe4 Bc3 29. Qe2 Qb5 30. Qd3 1/2-1/2

[Event "3rd open PLEVEN XXI"]
[Site "Pleven"]
[Date "2016.10.09"]
[Round "7.3"]
[White "Krasteva, Beloslava"]
[Black "Mishev, Liubomir"]
[Result "1-0"]
[WhiteElo "1949"]
[BlackElo "2145"]
[PlyCount "55"]
[EventDate "2016.10.07"]
[EventType "swiss"]
[EventRounds "7"]
[EventCountry "BUL"]

1. d4 g6 2. c4 Bg7 3. e4 d6 4. Nc3 b6 5. Nf3 Bb7 6. Be2 Nd7 7. Be3 a6 8. Qc2 c5
9. d5 Ngf6 10. Nd2 h5 11. f3 h4 12. f4 Qc7 13. O-O-O O-O-O 14. Rde1 Nh5 15.
Rhf1 Bd4 16. Bxh5 Bxe3 17. Rxe3 Rxh5 18. Nf3 f6 19. e5 fxe5 20. Qxg6 Rhh8 21.
fxe5 Rdg8 22. exd6 exd6 23. Qc2 Rg7 24. Rfe1 Qd8 25. Ne4 Kc7 26. Qd2 Rg6 27.
R3e2 Rh5 28. g4 1-0

[Event "3rd open PLEVEN XXI"]
[Site "Pleven"]
[Date "2016.10.09"]
[Round "7.9"]
[White "Mitrev, Emil"]
[Black "Marinov, Mariyan"]
[Result "1-0"]
[WhiteElo "2129"]
[BlackElo "1861"]
[PlyCount "71"]
[EventDate "2016.10.07"]
[EventType "swiss"]
[EventRounds "7"]
[EventCountry "BUL"]

1. e4 e5 2. Nc3 Nf6 3. g3 Nc6 4. Bg2 Bc5 5. Na4 Bb4 6. a3 Be7 7. c4 d6 8. Nc3
Nd4 9. Nce2 c5 10. Nxd4 cxd4 11. d3 a5 12. b3 O-O 13. h3 Bd7 14. f4 Bc6 15. Nf3
Nh5 16. Nxe5 Nxg3 17. Nxc6 bxc6 18. Rg1 Bh4 19. Kd2 f5 20. Kc2 Rb8 21. Rb1 Re8
22. exf5 Re2+ 23. Bd2 d5 24. Bf1 Rf2 25. Qg4 dxc4 26. Rxg3 cxb3+ 27. Rxb3 Bf6
28. Rxb8 Qxb8 29. Rf3 Rxd2+ 30. Kxd2 Qb2+ 31. Ke1 Qxa3 32. Kf2 Qc1 33. Kg2 a4
34. Rf2 a3 35. Re2 Qb1 36. Qh5 1-0

[Event "3rd open PLEVEN XXI"]
[Site "Pleven"]
[Date "2016.10.09"]
[Round "7.15"]
[White "Georgiev, Nikolay Zh."]
[Black "Stoilov, Aleksandar"]
[Result "0-1"]
[WhiteElo "1574"]
[BlackElo "1842"]
[PlyCount "56"]
[EventDate "2016.10.07"]
[EventType "swiss"]
[EventRounds "7"]
[EventCountry "BUL"]

1. e4 c5 2. Bc4 e6 3. Nc3 a6 4. Bb3 b5 5. a3 Bb7 6. d3 Qc7 7. f4 d6 8. Nf3 Nd7
9. O-O Ngf6 10. h3 Be7 11. Be3 O-O 12. Ne2 Nb6 13. g4 Rac8 14. Qd2 Nfd7 15. g5
d5 16. Ng3 dxe4 17. Nxe4 c4 18. Ba2 Nc5 19. Nxc5 Bxc5 20. d4 Bd6 21. c3 Nd5 22.
Ne5 Bxe5 23. dxe5 Qc6 24. Kf2 Nxe3 25. Kxe3 Qe4+ 26. Kf2 Qg2+ 27. Ke1 Qxh3 28.
Qf2 Rfd8 0-1